Por el amor y la tierra: las inversiones emocionales de los migrantes nicaragüenses /
Los achuapeños, al igual que muchos migrantes nicaraguenses, invierten en tierras y recursos materiales como parte de una estrategia transnacional de supervivencia familiar. Sin embargo, estas inversiones forman parte de discursos tanto de abandono como de cuido y vínculo familiar. En este artículo...
Збережено в:
| Автор: | |
|---|---|
| Формат: | Текст |
| Мова: | Spanish |
| Предмети: | |
| Теги: |
Додати тег
Немає тегів, Будьте першим, хто поставить тег для цього запису!
|
MARC
| LEADER | 00000 a a2200000 04500 | ||
|---|---|---|---|
| 001 | 44384 | ||
| 003 | cru CRAI/IIS | ||
| 005 | 20210608111754.0 | ||
| 008 | 210608b |||||||| |||| 00| 0 spa d | ||
| 040 | |c cru CRAI/IIS | ||
| 100 | |a Fouratt, Caitlin | ||
| 245 | |a Por el amor y la tierra: |b las inversiones emocionales de los migrantes nicaragüenses / |c Caitlin Fouratt | ||
| 500 | |a caitlin.fouratt@gmail.com | ||
| 500 | |a Colección Centroamérica | ||
| 520 | |a Los achuapeños, al igual que muchos migrantes nicaraguenses, invierten en tierras y recursos materiales como parte de una estrategia transnacional de supervivencia familiar. Sin embargo, estas inversiones forman parte de discursos tanto de abandono como de cuido y vínculo familiar. En este artículo se enfatiza en las tensiones entre estos dos discursos. | ||
| 590 | |a RRH/JULIO2013 | ||
| 650 | |a 1.MIGRACION | ||
| 650 | |a 2.FAMILIA | ||
| 650 | |a 3.REMESAS | ||
| 650 | |a 4.RELACIONES HUMANAS | ||
| 650 | |a 5.INTIMIDAD | ||
| 650 | |a 6.NICARAGUA | ||
| 650 | |a 7.COSTA RICA | ||
| 773 | |g volumen38 ( , 2012), páginas 193-212 | ||
| 773 | 0 | |0 18765 |9 5754 |a Universidad de Costa Rica. |d San José, Costa Rica: Editorial Universidad de Costa Rica, 1974- |o 15113 |t Anuario de Estudios Centroamericanos / |x 03777316 | |
| 942 | |2 ddc |c PP | ||
| 999 | |c 27176 |d 27176 | ||
